[Event "Heroes Day Cup Masters"]
[Site "Bridgetown"]
[Date "2005.04.28"]
[Round "1"]
[White "Corbin, Philip"]
[Black "Warner, Delisle"]
[Result "1-0"]
[WhiteElo "2261"]
[BlackElo "2255"]
[PlyCount "83"]
[EventDate "2005.04.28"]
[SourceDate "2005.04.28"]

1. e4 e6 2. Nf3 d5 3. e5 c5 4. b4 cxb4 5. a3 Nc6 6. axb4 Bxb4 7. c3 Be7 8. d4
f6 9. Bd3 f5 10. h4 Qc7 11. Na3 Nxd4 12. Qa4+ Nc6 13. Nb5 Qb8 14. Ba3 Bxa3 15.
Rxa3 Bd7 16. Qf4 Nge7 17. Nd6+ Kf8 18. h5 Nc8 19. h6 g6 20. Nb5 N8e7 21. O-O
Nd8 22. Nd6 Nf7 23. Rb1 b6 24. Ba6 g5 25. Nxg5 Ng6 26. Qb4 Nxd6 27. exd6 e5 28.
c4 d4 29. c5 Qd8 30. Rg3 f4 31. Nxh7+ Rxh7 32. Rxg6 Bf5 33. c6 Bxg6 34. c7 Qd7
35. c8=Q+ Rxc8 36. Bxc8 a5 37. Qa3 Bxb1 38. Bxd7 Rxd7 39. Qc1 Bf5 40. Qc8+ Kf7
41. h7 Bxh7 42. Qxd7+ 1-0

[Event "Heroes Day Cup Masters"]
[Site "Bridgetown"]
[Date "2005.04.28"]
[Round "1"]
[White "Denny, Kevin"]
[Black "Pecorelli, Humberto"]
[Result "1/2-1/2"]
[WhiteElo "2332"]
[BlackElo "2387"]
[PlyCount "85"]
[EventDate "2005.04.28"]
[SourceDate "2005.04.28"]

1. e4 e6 2. d4 d5 3. Nd2 Nf6 4. e5 Nfd7 5. Bd3 c5 6. c3 Nc6 7. Ne2 cxd4 8. cxd4
f6 9. exf6 Nxf6 10. Nf3 Bd6 11. O-O O-O 12. Bf4 Bxf4 13. Nxf4 Ng4 14. Qd2 Qd6
15. g3 Bd7 16. h3 e5 17. dxe5 Ngxe5 18. Nxe5 Nxe5 19. Be4 d4 20. Rfd1 Nc6 21.
Bxc6 Bxc6 22. Qxd4 Qe7 23. Qd6 Qf7 24. Qe6 Rae8 25. Qxf7+ Rxf7 26. Re1 Rxe1+
27. Rxe1 Rd7 28. h4 Rd2 29. Rb1 Be4 30. Re1 Bf3 31. Rb1 Kf7 32. Kf1 g6 33. Ke1
Rc2 34. a3 h6 35. b4 g5 36. Rb3 g4 37. Re3 Rc1+ 38. Kd2 Rf1 39. Nd3 Kf6 40. Kc3
Ra1 41. Kb2 Rd1 42. Kc2 Ra1 43. Kb2 1/2-1/2

[Event "Heroes Day Cup Masters"]
[Site "Bridgetown"]
[Date "2005.04.28"]
[Round "1"]
[White "Nebauer, Martin"]
[Black "Fierro Bequera, Martha"]
[Result "1/2-1/2"]
[WhiteElo "2450"]
[BlackElo "2368"]
[PlyCount "80"]
[EventDate "2005.04.28"]
[SourceDate "2005.04.28"]

1. e4 d5 2. exd5 Qxd5 3. Nc3 Qa5 4. d4 c6 5. Nf3 Nf6 6. Bc4 Bf5 7. Bd2 e6 8.
Qe2 Bb4 9. Ne5 Nbd7 10. Nxd7 Kxd7 11. O-O-O Rae8 12. a3 Bxc3 13. Bxc3 Qc7 14.
f3 h5 15. Be1 h4 16. g3 g5 17. Qd2 Reg8 18. Rg1 Kc8 19. g4 Bh7 20. h3 Nd5 21.
Bf2 Qf4 22. Qxf4 Nxf4 23. Be3 Nxh3 24. Rh1 Nf4 25. Bxf4 gxf4 26. Rxh4 Bg6 27.
Rdh1 Rxh4 28. Rxh4 b5 29. Bb3 Kd7 30. c3 Kd6 31. Bc2 a5 32. Bxg6 fxg6 33. Kd2
a4 34. Kd3 Kd5 35. Rh7 e5 36. Rd7+ Ke6 37. Rc7 Kd6 38. Rf7 Ke6 39. Rc7 Kd6 40.
Rf7 Ke6 1/2-1/2

[Event "Heroes Day Cup Masters"]
[Site "Bridgetown"]
[Date "2005.04.28"]
[Round "2"]
[White "Warner, Delilse"]
[Black "Feirro, Martha"]
[Result "1/2-1/2"]
[WhiteElo "2255"]
[BlackElo "2368"]
[PlyCount "92"]
[EventDate "2005.04.28"]
[SourceDate "2005.04.28"]

1. Nf3 g6 2. c4 Bg7 3. e4 c5 4. d4 cxd4 5. Nxd4 Nc6 6. Be3 Nf6 7. Nc3 d6 8. Be2
O-O 9. O-O Nxd4 10. Bxd4 Be6 11. Rc1 Qa5 12. f4 a6 13. g4 b5 14. g5 Ne8 15.
cxb5 axb5 16. Bxb5 Qb4 17. Bxg7 Nxg7 18. a4 Qxb2 19. Rf2 Qa3 20. Nb1 Qe3 21.
Qd2 Qa7 22. Kh1 Rfc8 23. Rc3 Rxc3 24. Nxc3 Rc8 25. Rf3 Qa5 26. Qd4 Rc5 27. h3
Nh5 28. Ne2 Qe1+ 29. Qg1 Qb4 30. Qe3 Bc4 31. Nc3 Bxb5 32. axb5 e6 33. Qd3 Rc7
34. f5 Qc5 35. Ne2 Ra7 36. fxe6 Ra1+ 37. Kh2 Qe5+ 38. Ng3 fxe6 39. b6 Ra2+ 40.
Kh1 Qa1+ 41. Nf1 Qb2 42. Rf8+ Kg7 43. Qf3 Ng3+ 44. Qxg3 Kxf8 45. Qxd6+ Kg7 46.
Qd7+ Kf8 1/2-1/2

[Event "Heroes Day Cup Masters"]
[Site "Bridgetown"]
[Date "2005.04.28"]
[Round "2"]
[White "Pecorelli, Humberto"]
[Black "Neubauer, Martin"]
[Result "1/2-1/2"]
[WhiteElo "2387"]
[BlackElo "2450"]
[PlyCount "26"]
[EventDate "2005.04.28"]
[SourceDate "2005.04.28"]

1. c4 g6 2. Nc3 c5 3. g3 Bg7 4. Bg2 Nc6 5. a3 a6 6. Rb1 Rb8 7. b3 Nh6 8. Bb2 d6
9. e3 Nf5 10. Nge2 Bd7 11. d3 b5 12. O-O O-O 13. Qc2 bxc4 1/2-1/2

[Event "Heroes Day Cup Masters"]
[Site "?"]
[Date "2005.04.28"]
[Round "2"]
[White "Corbin, Philip"]
[Black "Denny, Kevin"]
[Result "0-1"]
[WhiteElo "2261"]
[BlackElo "2332"]
[PlyCount "104"]
[EventDate "2005.??.??"]
[SourceDate "2005.04.28"]

1. e4 c5 2. d4 cxd4 3. c3 dxc3 4. Nxc3 Nc6 5. Nf3 d6 6. Bc4 a6 7. O-O Nf6 8.
Ng5 e6 9. f4 h6 10. Nf3 Be7 11. Qe2 O-O 12. e5 Nd7 13. Bb3 Qc7 14. Re1 b5 15.
Bc2 Bb7 16. Qd3 g6 17. a3 dxe5 18. fxe5 Ncxe5 19. Nxe5 Nxe5 20. Qg3 Bd6 21. Bf4
Nf3+ 22. gxf3 Bxf4 23. Qg2 Qc5+ 24. Kh1 Qg5 25. Qe2 Rad8 26. Rad1 Rxd1 27. Rxd1
Rd8 28. Ne4 Rxd1+ 29. Qxd1 Qh4 30. Qe2 f5 31. Nd2 e5 32. Nf1 Qd8 33. Qg2 Kf7
34. Qh3 Qd5 35. Kg2 Kf6 36. Qh4+ Bg5 37. Qf2 Qd4 38. Qxd4 exd4 39. Kg3 Bc1 40.
a4 Bxb2 41. axb5 axb5 42. Bd3 b4 43. Nd2 Bd5 44. Nc4 Bc3 45. Nb6 Be6 46. f4 b3
47. Kf3 b2 48. Bb1 Ba5 49. Na4 Bd5+ 50. Kg3 Be1+ 51. Kh3 g5 52. fxg5+ hxg5 0-1

[Event "Heroes Day Cup Masters"]
[Site "?"]
[Date "2005.04.29"]
[Round "3"]
[White "Neubauer, Martin"]
[Black "Corbin, Philip"]
[Result "1-0"]
[WhiteElo "2450"]
[BlackElo "2261"]
[PlyCount "83"]
[EventDate "2005.??.??"]
[SourceDate "2005.04.28"]

1. d4 d5 2. c4 Bf5 3. Nc3 e6 4. Nf3 Nc6 5. cxd5 exd5 6. Bf4 Nf6 7. e3 Bb4 8.
Bd3 Ne4 9. Qc2 O-O 10. O-O Re8 11. Rfe1 Rc8 12. Nd2 Bxc3 13. bxc3 Bg6 14. Nxe4
Bxe4 15. Bxe4 Rxe4 16. Rab1 Na5 17. c4 Nxc4 18. Rxb7 a5 19. Qb1 Re6 20. Qb5 h6
21. Qc5 c6 22. h3 Qf8 23. Qxf8+ Kxf8 24. Reb1 Re7 25. g4 Nd2 26. Bd6 Nxb1 27.
Bxe7+ Ke8 28. Bc5 Nc3 29. Re7+ Kd8 30. Rxf7 Nxa2 31. Rxg7 Nc3 32. Bb6+ Ke8 33.
Bxa5 Ne4 34. Bb4 Nf6 35. Re7+ Kd8 36. Rf7 Nd7 37. Rh7 Kc7 38. Rxh6 Ra8 39. Bd6+
Kb7 40. Rh7 Ra1+ 41. Kg2 Kc8 42. g5 1-0

[Event "Heroes Day Cup Masters"]
[Site "?"]
[Date "2005.04.29"]
[Round "3"]
[White "Fierro, Martha"]
[Black "Pecorelli, Humberto"]
[Result "1/2-1/2"]
[WhiteElo "2368"]
[BlackElo "2387"]
[PlyCount "99"]
[EventDate "2005.??.??"]
[SourceDate "2005.04.28"]

1. e4 e6 2. d4 d5 3. Nc3 Bb4 4. e5 Ne7 5. a3 Bxc3+ 6. bxc3 c5 7. Qg4 O-O 8. Bd3
f5 9. exf6 Rxf6 10. Bg5 Rf7 11. Qh5 g6 12. Qd1 Nbc6 13. Nf3 Qf8 14. O-O c4 15.
Be2 h6 16. Bc1 Bd7 17. a4 b6 18. Qd2 Kh7 19. Ba3 Qb8 20. Bc1 Ng8 21. Qe3 Qc7
22. Ne5 Nxe5 23. dxe5 a5 24. f4 b5 25. axb5 Bxb5 26. Qh3 Bd7 27. Bg4 Ra6 28.
Ba3 Ne7 29. Rab1 Qa7+ 30. Kh1 Nf5 31. Bxf5 gxf5 32. Qh5 Bc6 33. Rf3 Rg7 34. Bf8
Rb6 35. Ra1 Rg6 36. Bc5 d4 37. Rg3 Rxg3 38. hxg3 d3 39. cxd3 cxd3 40. Bxb6 Qxb6
41. Qf7+ Kh8 42. Kh2 Bxg2 43. Qf8+ Kh7 44. Qf7+ Kh8 45. Qf6+ Kh7 46. Qf7+ Kh8
47. Qe8+ Kg7 48. Qd7+ Kh8 49. Qe8+ Kg7 50. Qe7+ 1/2-1/2

[Event "Heroes Day Cup Masters"]
[Site "?"]
[Date "2005.04.29"]
[Round "3"]
[White "Denny, Kevin"]
[Black "Warner, Delisle"]
[Result "1/2-1/2"]
[WhiteElo "2332"]
[BlackElo "2255"]
[PlyCount "61"]
[EventDate "2005.??.??"]
[SourceDate "2005.04.28"]

1. e4 c6 2. d4 d5 3. Nc3 dxe4 4. Nxe4 Nf6 5. Nxf6+ gxf6 6. c3 Bf5 7. Nf3 Rg8 8.
g3 Qd5 9. Qe2 Nd7 10. Bg2 Qe4 11. Be3 Qd3 12. Qxd3 Bxd3 13. Nh4 e6 14. O-O-O
Bc4 15. b3 Bd5 16. c4 Bxg2 17. Nxg2 a5 18. d5 cxd5 19. cxd5 a4 20. dxe6 fxe6
21. Nf4 Ba3+ 22. Kb1 Ke7 23. Rhe1 axb3 24. axb3 Bd6 25. Nxe6 Kxe6 26. Bc1+ Ne5
27. f4 Ra5 28. Bb2 Rga8 29. Re2 R8a6 30. fxe5 Bxe5 31. Rd8 1/2-1/2

[Event "Heroes Day Cup Masters"]
[Site "?"]
[Date "2005.04.29"]
[Round "4"]
[White "Warner, Delilse"]
[Black "Pecorelli, Humberto"]
[Result "1/2-1/2"]
[WhiteElo "2255"]
[BlackElo "2387"]
[PlyCount "32"]
[EventDate "2005.??.??"]
[SourceDate "2005.04.28"]

1. Nf3 Nf6 2. c4 e6 3. Nc3 d5 4. d4 Be7 5. g3 O-O 6. Bg2 c6 7. O-O Nbd7 8. b3
b6 9. Bb2 Ba6 10. Re1 b5 11. cxb5 cxb5 12. a3 Qb6 13. b4 Bb7 14. Qd3 Ne4 15.
Qxb5 Qxb5 16. Nxb5 a5 1/2-1/2

[Event "Heroes Day Cup Masters"]
[Site "?"]
[Date "2005.04.29"]
[Round "4"]
[White "Corbin, Philip"]
[Black "Fierro, Martha"]
[Result "0-1"]
[WhiteElo "2261"]
[BlackElo "2368"]
[Annotator ",Neil"]
[PlyCount "58"]
[EventDate "2005.??.??"]
[SourceDate "2005.04.28"]

1. e4 g6 2. d4 Bg7 3. Nc3 c6 4. Be3 d6 5. Qd2 Nd7 6. g4 b5 7. f3 Nb6 8. h4 h5
9. g5 Nc4 10. Bxc4 bxc4 11. Nce2 e6 12. Nh3 Ne7 13. Ng3 Qb6 14. O-O-O Rb8 15.
c3 Qa5 16. Kb1 Bd7 17. f4 O-O 18. Ka1 Rb6 19. Qe2 Rfb8 20. Bc1 Qa4 21. Rh2 Ra6
22. a3 c5 23. dxc5 Qb3 24. e5 Rxa3+ 25. Kb1 Ba4 26. Be3 Qa2+ 27. Kc1 Qa1+ 28.
Kd2 Rxb2+ 29. Ke1 Rxe2+ {White resigns.} 0-1

[Event "Heroes Day Cup Masters"]
[Site "?"]
[Date "2005.04.30"]
[Round "5"]
[White "Fierro, Martha"]
[Black "Denny, Kevin"]
[Result "1/2-1/2"]
[WhiteElo "2368"]
[BlackElo "2332"]
[PlyCount "22"]
[EventDate "2005.??.??"]
[SourceDate "2005.04.28"]

1. e4 c5 2. Nc3 Nc6 3. f4 g6 4. Nf3 Bg7 5. Bb5 Nd4 6. Bd3 d6 7. Nxd4 cxd4 8.
Ne2 Nf6 9. Nxd4 Nxe4 10. Bxe4 Bxd4 11. c3 Bg7 1/2-1/2

[Event "Heroes Day Cup Masters"]
[Site "?"]
[Date "2005.04.30"]
[Round "5"]
[White "Pecorelli, Humberto"]
[Black "Corbin, Philip"]
[Result "1-0"]
[WhiteElo "2387"]
[BlackElo "2261"]
[PlyCount "85"]
[EventDate "2005.??.??"]
[SourceDate "2005.04.28"]

1. d4 Nf6 2. c4 e5 3. dxe5 Ne4 4. Nf3 Nc6 5. Nbd2 Bb4 6. a3 Bxd2+ 7. Bxd2 Nxd2
8. Qxd2 O-O 9. Rd1 Qe7 10. Qc3 Re8 11. Rd5 a5 12. e3 b6 13. Be2 Bb7 14. O-O a4
15. Rfd1 Nb8 16. R5d4 Ra5 17. Qc2 Bc6 18. R4d2 Na6 19. Nd4 Qxe5 20. Nxc6 dxc6
21. Bf3 Qf6 22. Qe4 Rae5 23. Qxc6 R5e6 24. Qxa4 Nc5 25. Qc2 h5 26. Bxh5 Qh4 27.
Bf3 Rh6 28. h3 Ne6 29. Qe4 Qf6 30. Bg4 Rf8 31. Qf5 Qh4 32. g3 Qg5 33. h4 Qe7
34. Rd7 Qe8 35. Qe5 Rg6 36. Bf5 Rf6 37. Bxe6 Rxe6 38. Qxc7 Rxe3 39. fxe3 Qxe3+
40. Kg2 g5 41. Re7 Qb3 42. Rd2 gxh4 43. Qf4 1-0

[Event "Heroes Day Cup Masters"]
[Site "?"]
[Date "2005.04.30"]
[Round "5"]
[White "Neubauer, Martin"]
[Black "Warner, Delilse"]
[Result "1-0"]
[WhiteElo "2450"]
[BlackElo "2255"]
[PlyCount "101"]
[EventDate "2005.??.??"]
[SourceDate "2005.04.28"]

1. e4 e6 2. d4 d5 3. Nc3 Bb4 4. Nge2 dxe4 5. a3 Bxc3+ 6. Nxc3 Nc6 7. d5 exd5 8.
Qxd5 Nf6 9. Qxd8+ Nxd8 10. Bg5 O-O 11. Bxf6 gxf6 12. Nxe4 Kg7 13. O-O-O f5 14.
Ng3 Be6 15. Nh5+ Kh6 16. Nf4 Kg5 17. g3 Re8 18. Bg2 c6 19. Rhe1 Rc8 20. Re3 Rc7
21. Red3 Rc8 22. b4 Bc4 23. Rd7 Kf6 24. R1d6+ Kg7 25. Kb2 c5 26. Nh5+ Kf8 27.
Nf6 Bb5 28. Nxe8 Bxd7 29. Rxd7 Kxe8 30. Rd5 cxb4 31. axb4 f4 32. Rh5 fxg3 33.
fxg3 Nc6 34. Rxh7 Ke7 35. c3 Rc7 36. Rh5 b6 37. Kb3 Nd8 38. Rf5 Rd7 39. Rd5 Rc7
40. h4 Ne6 41. Bh3 Rc8 42. Re5 Rg8 43. Bxe6 fxe6 44. Rg5 Rxg5 45. hxg5 a5 46.
c4 e5 47. c5 e4 48. cxb6 a4+ 49. Kc2 Kd7 50. b7 Kc7 51. g6 1-0

[Event "Heroes Day Cup Masters"]
[Site "Bridgetown"]
[Date "2005.04.30"]
[Round "6"]
[White "Pecorelli, Humberto"]
[Black "Denny, Kevin"]
[Result "1/2-1/2"]
[WhiteElo "2387"]
[BlackElo "2332"]
[PlyCount "84"]
[EventDate "2005.04.28"]
[SourceDate "2005.04.28"]

1. d4 Nf6 2. c4 g6 3. Nc3 Bg7 4. e4 d6 5. Bd3 O-O 6. Nge2 Nc6 7. O-O Nh5 8. Bc2
e5 9. d5 Ne7 10. a4 f5 11. exf5 gxf5 12. Ng3 Nf4 13. Nh5 Nxh5 14. Qxh5 Ng6 15.
Ra3 Bd7 16. a5 a6 17. b4 Qe7 18. Ne2 f4 19. Be4 Rf6 20. f3 Nf8 21. Qh4 Qf7 22.
g4 Rh6 23. Qe1 Bf6 24. Nc3 Rh4 25. Ra2 Bg5 26. Rg2 h5 27. Bf5 hxg4 28. Bxg4
Bxg4 29. Ne4 Be7 30. Nf2 Ng6 31. Nxg4 Kf8 32. Kh1 Rh8 33. Bb2 Qf5 34. c5 Kf7
35. Rfg1 Rag8 36. Qe2 Rh5 37. c6 bxc6 38. dxc6 Rb8 39. Qxa6 e4 40. Qc4+ d5 41.
Qc3 exf3 42. Qxf3 Nh4 1/2-1/2

[Event "Heroes Day Cup Masters"]
[Site "Bridgetown"]
[Date "2005.04.30"]
[Round "6"]
[White "Warner, Delisle"]
[Black "Corbin, Philip"]
[Result "0-1"]
[WhiteElo "2255"]
[BlackElo "2261"]
[PlyCount "102"]
[EventDate "2005.04.28"]
[SourceDate "2005.04.28"]

1. Nf3 b5 2. e4 Bb7 3. e5 a6 4. a4 b4 5. d4 e6 6. c4 bxc3 7. Nxc3 Bb4 8. Bd3 f5
9. O-O Ne7 10. Ng5 O-O 11. Bc4 Qe8 12. Qb3 a5 13. d5 Na6 14. dxe6 d6 15. exd6
cxd6 16. Nd5 Rc8 17. Nxe7+ Qxe7 18. Bd5 Nc5 19. Qf3 Bxd5 20. Qxd5 h6 21. Nh3 g5
22. Rd1 Qxe6 23. Be3 Qxd5 24. Rxd5 Nb3 25. Rad1 f4 26. Bd4 g4 27. Nxf4 Rxf4 28.
Be3 Rf6 29. g3 Rc2 30. R5d3 Rxb2 31. Bf4 Bc5 32. Bxd6 Rfxf2 33. Bxc5 Nxc5 34.
Rc3 Rg2+ 35. Kf1 Rxh2 36. Kg1 Rhg2+ 37. Kf1 Ne4 38. Rc8+ Kf7 39. Rd7+ Ke6 40.
Re8+ Kxd7 41. Rxe4 Rxg3 42. Re5 Ra3 43. Re1 g3 44. Kg1 Rxa4 45. Rd1+ Ke6 46.
Rf1 Raa2 47. Re1+ Kf5 48. Rd1 Kg4 49. Kf1 Rh2 50. Kg1 Rag2+ 51. Kf1 Kh3 0-1

[Event "Heroes Day Cup Masters"]
[Site "Bridgetown"]
[Date "2005.04.30"]
[Round "6"]
[White "Fierro Bequera, Martha"]
[Black "Neubauer, Martin"]
[Result "0-1"]
[WhiteElo "2353"]
[BlackElo "2457"]
[PlyCount "86"]
[EventDate "2005.04.28"]
[SourceDate "2005.04.28"]

1. e4 e5 2. Nf3 Nc6 3. Bb5 Nf6 4. d4 exd4 5. O-O a6 6. Ba4 Be7 7. Re1 b5 8. e5
Nxe5 9. Rxe5 d6 10. Re1 bxa4 11. Nxd4 Bd7 12. Qf3 O-O 13. Nc6 Bxc6 14. Qxc6 d5
15. Bf4 Bd6 16. Bxd6 Qxd6 17. Qxd6 cxd6 18. Nd2 Rfc8 19. Rac1 Rab8 20. b3 Ne4
21. Nxe4 dxe4 22. Rxe4 axb3 23. axb3 Rxb3 24. h4 g6 25. h5 gxh5 26. Rf4 Rb5 27.
Re1 Kf8 28. c4 Rb4 29. Re6 Rbxc4 30. Rxc4 Rxc4 31. Rxd6 a5 32. Rh6 a4 33. Rxh5
a3 34. Ra5 Rc3 35. Kh2 Ke7 36. f3 Kd6 37. Kg3 Kc6 38. Kf4 Kb6 39. Ra8 Kb5 40.
Kf5 Kb4 41. Kf6 Rc2 42. f4 Rf2 43. Ke5 Rf1 0-1

[Event "Heroes Day Cup Masters"]
[Site "Bridgetown"]
[Date "2005.05.01"]
[Round "7"]
[White "Fierro Bequera, Martha"]
[Black "Warner, Delisle"]
[Result "1-0"]
[WhiteElo "2368"]
[BlackElo "2255"]
[PlyCount "65"]
[EventDate "2005.04.28"]
[SourceDate "2005.04.28"]

1. e4 e6 2. Nf3 d5 3. Nc3 Nf6 4. e5 Nfd7 5. d4 c5 6. dxc5 Nc6 7. Bf4 Bxc5 8.
Bd3 f6 9. exf6 Qxf6 10. Bg3 O-O 11. O-O g6 12. Qe2 Nd4 13. Nxd4 Bxd4 14. Rae1
Nc5 15. Be5 Bxe5 16. Qxe5 Qxe5 17. Rxe5 Nxd3 18. cxd3 Rf5 19. Rfe1 Rxe5 20.
Rxe5 Bd7 21. Kf1 Rc8 22. Ke1 Kf7 23. Kd2 Kf6 24. f4 h6 25. h4 Rg8 26. d4 a5 27.
g4 b5 28. Re1 Rc8 29. b3 b4 30. Nd1 a4 31. g5+ Kf5 32. Ke3 Rc2 33. Kf3 1-0

[Event "Heroes Day Cup Masters"]
[Site "Bridgetown"]
[Date "2005.05.01"]
[Round "8"]
[White "Warner, Delisle"]
[Black "Denny, Kevin"]
[Result "0-1"]
[WhiteElo "2255"]
[BlackElo "2332"]
[PlyCount "124"]
[EventDate "2005.04.28"]
[SourceDate "2005.04.28"]

1. d4 Nf6 2. c4 g6 3. Nc3 Bg7 4. e4 d6 5. f4 O-O 6. Nf3 c5 7. d5 e6 8. Be2 exd5
9. exd5 Re8 10. O-O Bf5 11. Bd3 Qd7 12. Qc2 Na6 13. a3 Nc7 14. Nh4 Bxd3 15.
Qxd3 Ng4 16. Nf3 f5 17. Bd2 Rab8 18. b4 b6 19. Rfe1 Nf6 20. Rab1 Rxe1+ 21. Rxe1
Re8 22. Qb1 Rxe1+ 23. Qxe1 b5 24. bxc5 dxc5 25. Ne5 Qd6 26. Qb1 Ne4 27. Nxe4
fxe4 28. Bc3 e3 29. Kf1 bxc4 30. Qb8+ Qf8 31. Qxf8+ Bxf8 32. Nxc4 Nxd5 33. Be5
Kf7 34. Ke2 Ke6 35. g4 Bh6 36. g5 Bf8 37. a4 Be7 38. Bb8 a6 39. Kf3 e2 40. Kxe2
Nc3+ 41. Kd3 Nxa4 42. Kc2 Bd8 43. Ba7 Bc7 44. Kb3 Kd5 45. f5 gxf5 46. h4 Bd8
47. Ne3+ Ke4 48. Nc4 Kf4 49. Kxa4 Kg4 50. Ne3+ Kxh4 51. Nxf5+ Kxg5 52. Nd6 Be7
53. Ne4+ Kg4 54. Nxc5 h5 55. Nxa6 Bd6 56. Nc5 Kf3 57. Nd3 Bg3 58. Bd4 h4 59.
Bf6 h3 60. Ne5+ Kf4 61. Nd3+ Ke4 62. Be5 Kf3 0-1

[Event "Heroes Day Cup Masters"]
[Site "Bridgetown"]
[Date "2005.05.01"]
[Round "8"]
[White "Pecorelli, Humberto"]
[Black "Fierro Bequero, Martha"]
[Result "1-0"]
[WhiteElo "2387"]
[BlackElo "2368"]
[Annotator ",Neil"]
[PlyCount "57"]
[EventDate "2005.04.28"]
[SourceDate "2005.04.28"]

1. d4 g6 2. c4 Bg7 3. e4 d6 4. Nf3 c5 5. d5 Nf6 6. Nc3 O-O 7. Be2 Na6 8. O-O
Nc7 9. a4 a6 10. h3 Rb8 11. Bf4 b5 12. cxb5 axb5 13. e5 Nfe8 14. axb5 Bd7 15.
Ra5 Nxd5 16. Nxd5 Qxa5 17. Nxe7+ Kh8 18. exd6 Rb7 19. Nc6 Qb6 20. Nfe5 f6 21.
Nc4 Qxb5 22. N4a5 Qxb2 23. Nxb7 Qxb7 24. Bf3 Qb6 25. Re1 f5 26. Re7 Nf6 27. Ne5
Qb5 28. Bg5 Be8 29. d7 {Black resigns.} 1-0

[Event "Heroes Day Cup Masters"]
[Site "Bridgetown"]
[Date "2005.05.01"]
[Round "8"]
[White "Corbin, Philip"]
[Black "Neubauer, Martin"]
[Result "0-1"]
[WhiteElo "2261"]
[BlackElo "2450"]
[PlyCount "70"]
[EventDate "2005.04.28"]
[SourceDate "2005.04.28"]

1. b4 d5 2. Bb2 Nf6 3. e3 Bf5 4. f4 e6 5. b5 c6 6. a4 Nbd7 7. Nf3 Qc7 8. Na3
Bd6 9. c4 c5 10. cxd5 exd5 11. Rc1 h6 12. Qb3 g5 13. Bd3 Bg4 14. b6 Qxb6 15.
Bb5 Ke7 16. Ne5 Be6 17. Nxd7 Nxd7 18. Bxh8 Rxh8 19. Qc3 Rg8 20. a5 Qc7 21. Bxd7
Bxd7 22. O-O gxf4 23. exf4 Bxf4 24. Rce1+ Be6 25. Rxf4 Qxf4 26. Qxc5+ Qd6 27.
Qe3 d4 28. Qf3 Qc6 29. Qf2 Rg5 30. g3 Rxa5 31. Nb1 Qb6 32. d3 Ra1 33. Nd2 Rxe1+
34. Qxe1 Qa5 35. Qc1 Qc3 0-1

[Event "Heroes Day Cup Masters"]
[Site "Bridgetown"]
[Date "2005.05.02"]
[Round "9"]
[White "Neubauer, Martin"]
[Black "Denny, Kevin"]
[Result "1/2-1/2"]
[WhiteElo "2450"]
[BlackElo "2332"]
[PlyCount "27"]
[EventDate "2005.04.28"]
[SourceDate "2005.04.28"]

1. e4 c5 2. c4 Nc6 3. Ne2 e5 4. g3 g6 5. Bg2 h5 6. h4 Nh6 7. Nbc3 Bg7 8. d3 d6
9. Nd5 O-O 10. O-O Be6 11. Rb1 Rb8 12. Nec3 a6 13. b4 cxb4 14. Nxb4 1/2-1/2

[Event "Heroes Day Cup Masters"]
[Site "Bridgetown"]
[Date "2005.05.02"]
[Round "9"]
[White "Pecorelli, Humberto"]
[Black "Warner, Delisle"]
[Result "1-0"]
[WhiteElo "2387"]
[BlackElo "2255"]
[PlyCount "37"]
[EventDate "2005.04.28"]
[SourceDate "2005.04.28"]

1. d4 d5 2. c4 e5 3. dxe5 d4 4. Nf3 Nc6 5. g3 Bg4 6. Bg2 Qd7 7. O-O O-O-O 8.
Qb3 Na5 9. Qb5 Qxb5 10. cxb5 Nc4 11. Nbd2 Nxd2 12. Bxd2 h6 13. Rfc1 Be6 14. e3
d3 15. Nd4 Bd5 16. Ba5 Bxg2 17. Rxc7+ Kb8 18. Kxg2 b6 19. Rxf7 1-0

[Event "Heroes Day Cup Masters"]
[Site "Bridgetown"]
[Date "2005.05.02"]
[Round "9"]
[White "Fierro Bequero, Martha"]
[Black "Corbin, Philip"]
[Result "1-0"]
[WhiteElo "2368"]
[BlackElo "2261"]
[PlyCount "63"]
[EventDate "2005.04.28"]
[SourceDate "2005.04.28"]

1. e4 e5 2. Nf3 d5 3. exd5 Bd6 4. d4 e4 5. Ne5 Nf6 6. c4 c5 7. dxc6 Nxc6 8.
Nxc6 bxc6 9. Be2 O-O 10. Nc3 Bf5 11. O-O Qc7 12. g3 Qd7 13. Bg5 Rae8 14. Qd2
Bh3 15. Rfe1 Ng4 16. Bf4 f5 17. d5 c5 18. Bxd6 Qxd6 19. Nb5 Qg6 20. d6 f4 21.
d7 e3 22. fxe3 fxg3 23. Qd5+ Kh8 24. dxe8=Q gxh2+ 25. Kh1 Rxe8 26. Qf3 Qh6 27.
Nc7 Nxe3 28. Bf1 Bg4 29. Qf7 Rd8 30. Bg2 Bf5 31. Qe7 Rc8 32. Qxe3 1-0

[Event "Heroes Day Cup Masters"]
[Site "Bridgetown"]
[Date "2005.05.02"]
[Round "10"]
[White "Denny, Kevin"]
[Black "Fierro Bequero, Martha"]
[Result "1-0"]
[WhiteElo "2332"]
[BlackElo "2368"]
[PlyCount "43"]
[EventDate "2005.04.28"]
[SourceDate "2005.04.28"]

1. e4 d5 2. exd5 Qxd5 3. Nc3 Qa5 4. d4 c6 5. Bc4 Bf5 6. Bd2 e6 7. g4 Bg6 8. h4
h5 9. d5 Qc5 10. Qe2 cxd5 11. Nxd5 Nd7 12. O-O-O Bxc2 13. Kxc2 Rc8 14. Kb1 Qxc4
15. Rc1 Qxd5 16. Rxc8+ Ke7 17. Rh3 Nc5 18. Bb4 b6 19. Rd3 Qh1 20. Rd1 hxg4 21.
Qe5 Nh6 22. Rxc5 1-0